Detalles MARC
| 000 -LIDER |
| fixed length control field |
00766nam a22002417a 4500 |
| 001 - NÚMERO DE CONTROL |
| Identificador de número de control |
3311374 |
| 003 - IDENTIFICACDOR DE NÚMERO DE CONTROL |
| control field |
DO-SdBNP |
| 005 - DATE AND TIME OF LATEST TRANSACTION |
| control field |
20180223102017.0 |
| 007 - CAMPOS FIJOS DE DESCRIPCIÓN FÍSICA |
| fixed length control field |
3311374 |
| 008 - ELEMENTOS DE LONGITUD FIJA |
| fixed length control field |
080208s2007 sp a 00 0 spa |
| 020 ## - ISBN |
| International Standard Book Number |
9788493513788 |
| 040 ## - FUENTE DE CATALOGACIÓN |
| Agencia que crea de manera original el registro |
BPMSU |
| Idioma de catalogación |
spa |
| Agencia que realiza la transcripción |
BPMSU |
| 100 1# - ASIENTO PRINCIPAL -- NOMBRE PERSONAL |
| Nombre personal |
Puya, Paloma |
| 245 13 - MENCIÓN DE TITULO |
| Título |
El misterio de la llave de hielo / |
| Mención de responsabilidad |
Paloma Puya ; ilustraciones, Ana Burgos Baena |
| 260 ## - PUBLICACIÓN, DISTRIBUCIÓN, ETC. (PIE DE IMPRENTA) |
| Lugar de publicación, distribución, etc |
El Puerto de Santa María, Epaña |
| Nombre del editor, distribuidor, etc. |
Compañía Oriental de la Tinta, |
| Fecha de publicación, distribución, etc |
2007. |
| 300 ## - DESCRIPCIÓN FÍSICA |
| Extensión |
134 p ; |
| Otros detalles físicos |
il.: |
| Dimensiones |
24 cm. |
| 490 0# - MENCIÓN DE SERIES |
| Mención de serie |
Las 3 hijas del dragón |
| Volume/sequential designation |
3 |
| 700 1# - ASIENTO SECUNDARIO -- NOMBRE PERSONAL |
| Nombre personal |
Burgos Baena, Ana |
| Fechas asociadas con el nombre |
1981- |
| Mención de responsabilidad |
il. |
| 830 #0 - ASIENTO SECUNDARIO DE SERIE--TÍTULO UNIFORME |
| Título uniforme |
Las 3 hijas del dragón |
| Número de la parte o sección de una obra |
3 |
| 942 ## - ADDED ENTRY ELEMENTS (KOHA) |
| Source of classification or shelving scheme |
Dewey Decimal Classification |
| Koha item type |
Libros |
| 945 ## - INFORMACIÓN DE PROCESAMIENTO LOCAL |
| Información de procesamiento local |
Inventariado, 2018/ YL |
| 956 ## - LOCAL ELECTRONIC LOCATION AND ACCESS (OCLC) |
| Nombre de host |
VMATEO |
| Método de acceso |
10 |
| Materiales especificados |
20151106 |
| Enlace |
BPMSU |
| Campo enlazado y núm. de secuencia |
00151 |